| 000 | 00633nam a22002053a 4500 | ||
|---|---|---|---|
| 005 | 20221006064444.0 | ||
| 008 | 010801m19871995mx r 000 0 spa d | ||
| 020 | _a9686135154 | ||
| 035 | _aUPN01000110419 | ||
| 049 | _aI | ||
| 050 | 4 |
_aQE29 _bH4.7 |
|
| 100 | 1 |
_aHerrera Andrade, Miguel Angel, _d1944-2002 _928901 |
|
| 245 | 1 | 3 |
_aLa tierra / _cMiguel Angel Herrera, Julieta Fierro. |
| 260 |
_aMéxico : _bSITESA, _c1987 (1995 impr.). |
||
| 300 |
_a31 p. : _bil. col. |
||
| 440 | 0 | _aNuestro mundo | |
| 650 | 4 |
_aTIERRA (PLANETA) - _vLITERATURA JUVENIL _912806 |
|
| 700 | 1 |
_aFierro Gossman, Julieta _ecoaut. _931228 |
|
| 905 | _aInfantil | ||
| 999 |
_c84328 _d84328 |
||